In defence of democracy (Record no. 76447)
[ view plain ]
| 000 -LEADER | |
|---|---|
| fixed length control field | 00664nam a2200157 a 4500 |
| 008 - FIXED-LENGTH DATA ELEMENTS--GENERAL INFORMATION | |
| fixed length control field | 120416s1993 ||||||||||||||||| || u |
| 050 ## - LIBRARY OF CONGRESS CALL NUMBER | |
| Classification number | JC 458 Tan |
| 100 ## - MAIN ENTRY--PERSONAL NAME | |
| Personal name | Tandon, Yash |
| 245 10 - TITLE STATEMENT | |
| Title | In defence of democracy |
| 260 ## - PUBLICATION, DISTRIBUTION, ETC. | |
| Place of publication, distribution, etc. | Dar es Salaam |
| Name of publisher, distributor, etc. | Univ. Press |
| Date of publication, distribution, etc. | 1993 |
| 350 ## - | |
| -- | 0.00 |
| 650 ## - SUBJECT ADDED ENTRY--TOPICAL TERM | |
| Topical term or geographic name entry element | DEMOCRACY--POLITICAL ASPECTS |
| 650 ## - SUBJECT ADDED ENTRY--TOPICAL TERM | |
| Topical term or geographic name entry element | POLITICS |
| 995 ## - | |
| -- | ANNEX COLLECTION (Main Library) |
| -- | 0.00 |
| -- | 731212 |
| -- | CBU-MAIN LIBRARY (Kitwe) |
| -- | 1 |
| -- | 3.75 |
| -- | JC 458 Tan |
| -- | 1 |
| -- | AVAILABLE |
| -- | 028481 |
| -- | Annex Low-Usage Collection |
| 995 ## - | |
| -- | ANNEX COLLECTION (Main Library) |
| -- | 0.00 |
| -- | 730490 |
| -- | CBU-MAIN LIBRARY (Kitwe) |
| -- | 2 |
| -- | 3.75 |
| -- | JC 458 Tan |
| -- | 2 |
| -- | AVAILABLE |
| -- | 027604 |
| -- | Annex Low-Usage Collection |
| 999 ## - | |
| -- | 76447 |
| -- | 76447 |
| Withdrawn status | Lost status | Source of classification or shelving scheme | Damaged status | Not for loan | Permanent Location | Current Location | Shelving location | Date acquired | Total Checkouts | Full call number | Barcode | Date last seen | Copy number | Price effective from | Koha item type |
|---|---|---|---|---|---|---|---|---|---|---|---|---|---|---|---|
| CBU-MAIN LIBRARY, KITWE. | CBU-MAIN LIBRARY, KITWE. | 04/25/2023 | JC 458 Tan | 028481 | 04/25/2023 | 1 | 04/25/2023 | MONOGRAPH | |||||||
| CBU-MAIN LIBRARY, KITWE. | CBU-MAIN LIBRARY, KITWE. | 04/25/2023 | JC 458 Tan | 027604 | 04/25/2023 | 2 | 04/25/2023 | MONOGRAPH |